Pairs #57 (TV Edition) - Statistics

General Stats
  • This quiz has been taken 81 times
  • The average score is 16 of 25
Answer Stats
Hint Extra Hint Explanation Answer % Correct
Sex title Sex and the City the City
96%
Batman characters Batman and Robin. The principal characters (played by Adam West and Burt Ward) on the US TV show Batman (1966-1968), based on the comic book characters. Robin
95%
Starsky title Starsky & Hutch Hutch
87%
Tweety characters Tweety, a canary, and Sylvester the cat, Tweety’s nemesis. They were two of many characters who appeared in animated shorts in Warner Bros.’ Loony Tunes and Merrie Melodies franchises from 1930 until 2014. Tweety and Sylvester’s first appearance was in 1947. Many of their shorts were broadcast on network and syndicated television beginning in the 1950s. Sylvester
85%
Fred characters Fred and Wilma Flintstone. Principal characters on the adult animated prime time US TV show The Flintstone (1960–1966). Wilma Flintstone
85%
Tony characters Tony and Carmela Soprano. New Jersey mobster Tony Soprano (James Gandolfini) and his wife Carmela (Edie Falco) on the TV show The Sopranos (1999–2007). Carmela Soprano
80%
Mulder characters Mulder and Scully. FBI Special Agents Fox Mulder and Dana Scully (David Duchovny and Gillian Anderson) on the science fiction drama The X-Files (1993–2002). Scully
80%
Pebbles characters Pebbles (daughter of Fred and Wilma Flintstone) and Bamm-Bamm (adopted son of Barney and Betty Rubble) on the animated sitcom The Flintstones (1960–1966). Bamm-Bamm
78%
Pinky title Pinky and the Brain the Brain
78%
Simon title Simon & Simon Simon
73%
Rosemary title Rosemary & Thyme Thyme
73%
Peter characters Peter and Lois Griffin. The parents of a dysfunctional family on the animated sitcom Family Guy (1999–2002, 2005–present). Lois Griffin
71%
Lucy characters Lucy and Ricky Ricardo. Primary characters (played by Lucille Ball and her then-husband Desi Arnaz) on the sitcom I Love Lucy (1951–1957). Ricky Ricardo
64%
Shakespeare characters Shakespeare & Hathaway. Ex-detective inspector (DI) Frank Hathaway and his partner Luella Shakespeare (Mark Benton and Jo Joyner) on the British mystery series Shakespeare & Hathaway: Private Investigators (2018–present). Hathaway
62%
Key title Key & Peele Peele
62%
Crockett characters Crockett and Tubbs. James "Sonny" Crockett and Ricardo "Rico" Tubbs (played by Don Johnson and Philip Michael Thomas), two undercover detectives on Miami Vice (1984-1990). Tubbs
56%
Blue’s Clues title Blue's Clues & You! You!
56%
Gavin title Gavin & Stacey Stacey
55%
Rowan duo Rowan and Martin. Comedians Dan Rowan and Dick Martin, hosts of Rowan & Martin's Laugh-In (1968–1973). Martin
49%
Billy characters Billy & Mandy. Children and primary characters in the animated TV show The Grim Adventures of Billy & Mandy (2003–2007). Mandy
42%
Daisy Jones title Daisy Jones & the Six the Six
40%
Jonathan Strange title Jonathan Strange & Mr Norrell Mr Norrell
36%
Miss Scarlet title Miss Scarlet and The Duke The Duke
36%
Mapp title Mapp & Lucia (1985)

Lucia
22%
Rose title Rose and Maloney Maloney
18%
No matching quizzes found
Score Distribution
Percent of People with Each Score
Percentile by Number Answered
Your Score History
You have not taken this quiz